Nota kursus protokol dan etiket : 24 - 27 Julai 1991

Bibliographic Details
Corporate Authors: Nota kursus protokol dan etiket, INSPEN (Institut Penilaian Negara)
Format: Book
Published: Bangi : Institut Penilaian Negara , 1991
Subjects:

MARC

LEADER 00000cam a2200000 7i4500
001 0000006728
005 20061227.0
040 |a INS 
090 0 0 |a K28 
110 2 |a Nota kursus protokol dan etiket   |k 1991 24 - 27 Julai   |c INSPEN, Bangi 
245 0 0 |a Nota kursus protokol dan etiket :   |b 24 - 27 Julai 1991   |c Anjuran Jabatan Penilaian dan Perkhidmatan Harta INSPEN 
260 |a Bangi :   |b Institut Penilaian Negara ,   |c 1991 
300 |a 1 v. (Mukasurat pelbagai) :   |b ill ;   |c 30 cm. 
650 0 0 |a Etiquette   |z Malaysia 
650 0 0 |a Government etiquette   |z Malaysia 
650 0 0 |a Manners and customs 
710 1 |a INSPEN (Institut Penilaian Negara) 
999 |a K000000053   |b BOOK   |c Course Notes   |e Default branch